Educación y vulnerabilidad: experiencias y prácticas del aula en contextos desfavorables

Guardat en:
Dades bibliogràfiques
Autor principal: Bolton, Patricio (Autor)
Format: Llibre
Idioma:espanyol
Publicat: Buenos Aires Stella 2006
Edició:1a. ed
Col·lecció:Marandú
Matèries:
Etiquetes: Afegir etiqueta
Sense etiquetes, Sigues el primer a etiquetar aquest registre!

MARC

LEADER 00000nam a2200000 a 4500
001 UCI8837
003 CL-VaPUC
008 081009e20060000AG |||||||||||||||||spa|d
020 |a 9876010107 
082 0 4 |a 370.115  |b BOL  |2 21 
100 0 |a Bolton, Patricio  |e author  |9 532467 
245 1 0 |a Educación y vulnerabilidad: experiencias y prácticas del aula en contextos desfavorables 
250 |a 1a. ed 
300 |a 296 p 
942 |c BK 
945 |d 20081009 00:00:00  |a rbrito 
260 |a Buenos Aires  |b Stella  |c 2006 
650 0 |a Educación popular  |9 308964 
650 0 |a Aprendizaje   |9 254827 
650 0 |a Métodos de enseñanza  |9 270413 
650 0 |a Sociología de la educación   |9 260380 
650 0 |a Pobreza  |9 258652 
583 |a last modification  |c 20081009 00:00:00  |k Rodrigo Vera 
490 0 |a Marandú 
999 |c 331603  |d 331601 
952 |0 0  |1 0  |4 0  |6 370_115000000000000_BOL_2006  |7 0  |8 A  |9 418385  |a BIBEDU  |b BIBEDU  |d 2019-11-22  |i 4486986  |l 2  |o 370.115 BOL 2006  |p 4486986  |r 2022-05-19  |s 2022-05-18  |w 2019-11-22  |y BK  |k EPE